000 00320nam a22001337a 4500
008 170607b xxu||||| |||| 00| 0 eng d
020 _a9780446532686
041 _aeng
080 _a327
100 _a18
101 _aSHP
245 _aAMERICA A CITIZEN GUIDE DEMOCRACY INACTION
_cJEFFERSON.TH
942 _2udc
_cBK
999 _c16297
_d16297